Elecciones locales
ISBN:
84-7088-685-1
Publicado:
Madrid :
MAP, Ministerio de Administraciones Públicas. Insituto Nacional de Administración Pública ,
1998
Descripción Física:
236 p. ; 24 cm
Otros Autores:
Espanya. Ministerio de Administraciones Públicas
Materias:
Eleccions locals -- Espanya
MARC
| LEADER | 00000nam a2200000Ia 4500 | ||
|---|---|---|---|
| 001 | 19192 | ||
| 008 | 160829s1998 xx 000 0 cat d | ||
| 020 | |a 84-7088-685-1 | ||
| 080 | |a M-5-429 | ||
| 245 | |a Elecciones locales | ||
| 260 | |a Madrid : |b MAP, Ministerio de Administraciones Públicas. Insituto Nacional de Administración Pública, |c 1998 | ||
| 300 | |a 236 p. ; |c 24 cm | ||
| 490 | |a Informes y documentos. Administraciones territoriales | ||
| 650 | |a Eleccions locals |x Espanya |9 45240 | ||
| 700 | |a Espanya. Ministerio de Administraciones Públicas |9 27578 | ||
| 710 | |a Instituto Nacional de Administración Pública (Espanya) |9 17952 | ||
| 901 | |a Arxiu | ||
| 942 | |n 1 | ||
| 952 | |0 0 |1 0 |4 0 |6 M5429 |7 1 |9 52474 |a Arxiu |b Arxiu |d 2016-12-01 |l 0 |o M-5-429 |p 19192 |r 2016-12-01 00:00:00 |w 2016-12-01 |y ARXIU | ||
| 999 | |c 56322 |d 56322 | ||